000 00411nam a2200181Ia 4500
005 20240823021132.0
008 240823s9999||||xx |||||||||||||| ||und||
041 _aENGLISH
082 _A658.827 P6
100 _aChunawalla S A
245 0 _aBrand Management
250 _a2nd
260 _c2006
_b"Himalaya ,M"
500 _aYES
650 _aBrand
_bManagement Studies
942 _cBK
999 _c176367
_d176367